| 000 | 00806cam a2200241 a 4500 | ||
|---|---|---|---|
| 001 | 13227692 | ||
| 005 | 20180109070510.0 | ||
| 008 | 030606s2004 caua b 001 0 eng | ||
| 010 | _a 2003108099 | ||
| 020 |
_a0534389937 (acidfree paper) _z053489937 |
||
| 035 | _a(DLC) 2003108099 | ||
| 040 |
_aDLC _cDLC _dDLC |
||
| 041 | _aeng | ||
| 080 | _a518 CHE | ||
| 082 | 0 | 0 |
_a518 CHE _222 |
| 100 | 1 | _a38 | |
| 101 | _aMAT | ||
| 245 | 1 | 0 |
_aNumerical mathematics and computing / _cWard Cheney, David Kincaid. |
| 504 | _aIncludes bibliographical references (p. 795-803) and index. | ||
| 906 |
_a7 _bcbc _corignew _d3 _eepcn _f20 _gy-gencatlg |
||
| 942 |
_2ddc _cBK |
||
| 999 |
_c39887 _d39887 |
||